00804nam a22002177a 4500003000500000005001700005008004100022010000900063011000900072035000900081040000900090100003800099245013500137260004000272300001000312502014900322650003900471650002600510650002600536650002400562CHAP20220329133106.0971013s1991 r 00010 d a2045 a3017 a2217 cCHAP00aSinchi Pabaña, José Herminio. aPrueba de adaptación de 24 genotipos de maíz (Zea mays L.) en el Campo Experimental de Apodaca, N. L.) en la primavera de 1990 aMonterrey, N. L. :bEl autor,c1991 a78 h. aTesis (M.C. Esp. Fitomejoramiento y Fisiotecnia) -- ITESM. División de Graduados e Investigación. Programa de Graduados en AgriculturaD44-7614aMaízxEfecto del medio ambiente.14aMaízxMejoramiento.14aMaízxNuevo León.14aMaízxVariedades.